00717cam a2200205 a 4500001001000000003000400010005001700014008004100031020001500072040002500087082001800112100004000130245008900170260007300259300002100332490002500353490007200378650002400450650003700474000005944OSt20200930125306.0870423s1984 sp f001 p spa  a8400057813 aDO-SdBNPbspacBNPHU a861.64bA366a1 aAlegre Cudós, José Luis,d1951-13aLa alegre noche de Don Francisco de Goya y de Quevedo /cJosé Luis Alegre Cudós. aZaragoza, España :bInstitución "Fernando el Católico",c1984. a120 p. ;c25 cm.1 a"San Jorge"vvol. 421 aPublicación de la Institución "Fernando el Católico"vno. 989 4aPoesía española 4aLiteratura españolaySIGLO XXI